| 000 | 00566nam a22002417a 4500 | ||
|---|---|---|---|
| 005 | 20231010140216.0 | ||
| 008 | 190319b xxu||||| |||| 00| 0 spa d | ||
| 020 | _a9788449312458 | ||
| 041 | _aspa | ||
| 082 | _a155.23 T166l | ||
| 100 | _aTannen, Deborah | ||
| 245 | _a¡Lo digo por tu bien! | ||
| 260 | _aEspaña | ||
| 260 | _bPaidós | ||
| 260 | _c2002 | ||
| 300 | _a380 páginas | ||
| 650 | _aSUPERACIÓN PERSONAL | ||
| 650 | _aCOMUNICACIÓN | ||
| 650 | _aFAMILIA | ||
| 650 | _aCOSTUMBRES FAMILIARES | ||
| 650 | _aDISCIPLINA | ||
| 942 |
_cLIT _2ddc |
||
| 999 |
_c11751 _d11751 |
||